Riziko bankového podnikania v kontexte ekonomického prostredia

Bankové podnikanie v kontexte ekonomickej krízy. Opatrenia vládnych inštitúcií v USA a Európe. Dodd – Frankov zákon. Volkerov plán. Smernica Európskeho parlamentu a Rady. Liikanenova správa. Riešenie v Európskej únii. Banková únia.

Saved in:
Bibliographic Details
Main Author: Klimiková, Mária
Other Authors: Vovk, Martin, 1976-
Format: Book Chapter
Language:Slovak
Subjects:
Tags: Add Tag
No Tags, Be the first to tag this record!

MARC

LEADER 00000nla a2200000 4500
001 0183518
005 20240502073136.1
041 0 |a slo 
044 |a SK 
245 1 0 |a Riziko bankového podnikania v kontexte ekonomického prostredia  |c Mária Klimiková, Martin Vovk 
520 |a Bankové podnikanie v kontexte ekonomickej krízy. Opatrenia vládnych inštitúcií v USA a Európe. Dodd – Frankov zákon. Volkerov plán. Smernica Európskeho parlamentu a Rady. Liikanenova správa. Riešenie v Európskej únii. Banková únia. 
610 2 0 |a kríza finančná 
610 2 0 |a kríza hospodárska 
610 2 0 |a banky centrálne 
610 2 0 |a podnikanie 
610 2 0 |a opatrenia 
610 2 0 |a únie bankové 
610 2 0 |a USA 
610 2 0 |a Európa 
610 2 0 |a Európska únia 
100 1 |a Klimiková, Mária 
700 1 |a Vovk, Martin, 1976-